000 00456nam a2200169Ia 4500
003 GCL
008 140319s9999 xx 000 0 eng d
040 _aGCL /
_cGCL
082 0 4 _a657
_bN P
100 1 _aANDERSOM, HENRY
245 1 0 _aPRINCIPLES OF ACCOUNTING /
_cANDERSOM, HENRY
700 1 _aNEEDLESS, BELVERD E
260 _a[S.N] :
_bHOUGHTON MIFFLIN COMPANY ،
_c1993
650 0 4 _aBUSINESS ENTERPRISES
650 0 4 _aACCOUNTING
942 _2ddc
_cBK
999 _c12020
_d12020